TNA Wrestling PPV Main Events - 2009 - Statistics

General Stats
  • This quiz has been taken 38 times
    37 since last reset
  • The average score is 11 of 14
Answer Stats
PPV Answer % Correct
Genesis, Slammiversary, No Surrender, Bound for Glory, Turning Point, Final Resolution AJ Styles
96%
Against All Odds, Destination X, Sacrifice, Slammiversary, Victory Road, Hard Justice, No Surrender Kurt Angle
96%
Against All Odds, Destination X, Lockdown, Sacrifice, Hard Justice, No Surrender, Bound for Glory Sting
96%
Against All Odds Brother Ray
92%
Sacrifice, Slammiversary Jeff Jarrett
92%
Genesis, Lockdown, Sacrifice, Slammiversary, Victory Road Mick Foley
92%
Slammiversary, Turning Point, Final Resolution Samoa Joe
92%
Genesis, Against All Odds Brother Devon
84%
Genesis Scott Steiner
80%
Genesis Booker T
76%
Turning Point, Final Resolution Daniels
72%
Hard Justice, No Surrender Matt Morgan
52%
No Surrender Hernandez
40%
Genesis Kip James
40%
No matching quizzes found
Score Distribution
Percent of People with Each Score
Percentile by Number Answered
Your Score History
You have not taken this quiz since the last reset